书目信息 |
| 题名: |
中国海面变化
|
|
| 作者: | 赵希涛 主编 | |
| 分册: | ||
| 出版信息: | 济南 山东科学技术出版社 1996 |
|
| 页数: | 464页 | |
| 开本: | 26cm | |
| 丛书名: | 中国气候与海面变化及其趋势和影响 | |
| 单 册: | ||
| 中图分类: | P461 | |
| 科图分类: | ||
| 主题词: | 气候学 | |
| 电子资源: | ||
| ISBN: | 7-5331-1734-4 | |
| 000 | 00729nam0 2200229 45 | |
| 001 | 0206171562 | |
| 005 | 20031219104056.6 | |
| 010 | @a7-5331-1734-4@b精装@dCNY57.00 | |
| 100 | @a20020617d1996 km y0chiy0120 ea | |
| 101 | 0 | @achi |
| 105 | @aakf z 000yy | |
| 200 | 1 | @a中国海面变化@AZhong Guo Hai Mian Bian Hua@f赵希涛主编@FZhao Xi Tao Zhu Bian |
| 210 | @a济南@c山东科学技术出版社@d1996 | |
| 215 | @a464页@c插图,附图版@d26cm | |
| 225 | @a中国气候与海面变化及其趋势和影响@v2@f施雅风主编 | |
| 410 | @12001 @a中国气候与海面变化及其趋势和影响 | |
| 410 | @1700 0@a施雅风@AShi Ya Feng@4主编 | |
| 606 | 0 | @a气候学 |
| 690 | @aP461@v4 | |
| 701 | 0 | @a赵希涛@4主编 |
| 801 | @aCN@bTSTC@c20020617 | |
| 905 | @b312024-026@dP461@e44:2@f3 | |
| 中国海面变化/赵希涛主编.-济南:山东科学技术出版社,1996 |
| 464页:插图,附图版;26cm.-(中国气候与海面变化及其趋势和影响;2/施雅风主编) |
| ISBN 7-5331-1734-4(精装):CNY57.00 |
| ● |
| 相关链接 |
|
|
|
|
正题名:中国海面变化
索取号:P461/44:2
 
预约/预借
| 序号 | 登录号 | 条形码 | 馆藏地/架位号 | 状态 | 备注 |
| 1 | 0312024 | 203120247 | 第三借阅区/ [索取号:P461/44:2] | 在馆 | |
| 2 | 0312025 | 203120256 | 第三借阅区/ [索取号:P461/44:2] | 在馆 | |
| 3 | 0312026 | 203120265 | 第二样本阅览室/ [索取号:P461/44:2] | 在馆 |